| 000 | 00560nam a2200181Ia 4500 | ||
|---|---|---|---|
| 005 | 20250423100331.0 | ||
| 008 | 250422s9999 xx 000 0 und d | ||
| 020 | _a9789784950862 | ||
| 050 | _aJQ 3086.C58 N84/ | ||
| 100 | _aNuhu, Ramalan Jibril Zaria | ||
| 245 | 0 | _aNigeria military in politics | |
| 260 | _aKaduna State | ||
| 260 | _bAhmadu Bello University Press Limited. | ||
| 260 | _c2013 | ||
| 300 | _a299 p | ||
| 650 | _aNigeria. Nigerian Army--Political activity. Civil-military relations--Nigeria. Military government--Nigeria. | ||
| 942 | _cBK | ||
| 999 |
_c32990 _d32990 |
||